[Event "Turniej Blitza na II Lidze Juniorów 2018"]
[Site "Szczyrk, Poland"]
[Date "????.??.??"]
[Round "9.55"]
[White "Uliasz, Katarzyna"]
[Black "Wesolowski, Jeremi"]
[Result "1-0"]
[TimeControl "3'+2\""]
[WhiteElo "1124"]
[BlackElo "1267"]

1. e4 {[%emt 00:01:20]} c6 {[%emt 00:00:02]} 2. Nf3 d5 {[%emt 00:00:01]} 3.
exd5 {[%clk 00:03:06]} {[%emt 00:00:01]} cxd5 4. d4 Nc6 {[%emt 00:00:01]} 5.
Bb5 {[%emt 00:00:02]} Bf5 {[%clk 00:03:06]} {[%emt 00:00:02]} 6. Ne5 {[%clk
00:03:07]} {[%emt 00:00:02]} Qc7 {[%clk 00:03:04]} {[%emt 00:00:03]} 7. Nxc6
{[%emt 00:00:13]} bxc6 {[%emt 00:00:01]} 8. Bd3 {[%clk 00:02:56]} {[%emt
00:00:02]} Bg6 {[%clk 00:03:01]} {[%emt 00:00:06]} 9. Qf3 {[%clk 00:02:44]}
{[%emt 00:00:14]} Bxd3 {[%clk 00:03:00]} {[%emt 00:00:03]} 10. Qxd3 {[%emt
00:00:02]} Nf6 11. Nc3 {[%clk 00:02:43]} {[%emt 00:00:04]} e6 {[%clk 00:03:02]}
12. Qf3 {[%clk 00:02:39]} {[%emt 00:00:06]} Bb4 {[%clk 00:02:57]} {[%emt
00:00:08]} 13. Bf4 {[%clk 00:02:30]} {[%emt 00:00:10]} Qa5 {[%clk 00:02:46]}
{[%emt 00:00:13]} 14. Bd2 {[%clk 00:02:22]} {[%emt 00:00:10]} Ne4 {[%clk
00:02:31]} {[%emt 00:00:16]} 15. Nxe4 {[%clk 00:02:13]} {[%emt 00:00:13]} dxe4
{[%clk 00:02:29]} {[%emt 00:00:04]} 16. Bxb4 {[%clk 00:02:08]} {[%emt
00:00:07]} Qxb4+ {[%clk 00:02:26]} {[%emt 00:00:05]} 17. Qc3 {[%clk 00:01:57]}
{[%emt 00:00:12]} Qxc3+ {[%clk 00:02:27]} {[%emt 00:00:02]} 18. bxc3 {[%clk
00:01:58]} Rb8 {[%clk 00:02:28]} {[%emt 00:00:01]} 19. O-O {[%emt 00:00:01]}
Rb2 {[%emt 00:00:01]} 20. Rab1 {[%clk 00:01:58]} {[%emt 00:00:03]} Rxb1 {[%clk
00:02:25]} {[%emt 00:00:06]} 21. Rxb1 {[%clk 00:01:59]} {[%emt 00:00:01]} O-O
{[%clk 00:02:25]} {[%emt 00:00:01]} 22. Rb7 {[%clk 00:01:58]} {[%emt 00:00:03]}
a5 {[%emt 00:00:03]} 23. Ra7 {[%clk 00:01:56]} {[%emt 00:00:03]} Rb8 {[%emt
00:00:02]} 24. h3 {[%emt 00:00:03]} Rb2 {[%clk 00:02:25]} 25. Ra8+ {[%emt
00:00:03]} Rb8 {[%emt 00:00:02]} 26. Rxb8# {[%clk 00:01:57]} {[%emt 00:00:01]}
1-0

[Event "Turniej Blitza na II Lidze Juniorów 2018"]
[Site "Szczyrk, Poland"]
[Date "????.??.??"]
[Round "9.3"]
[White "Marczak, Szymon"]
[Black "Posuniak, Weronika"]
[Result "0-1"]
[TimeControl "3'+2\""]
[WhiteElo "1855"]
[BlackElo "1808"]

1. e4 {[%emt 00:01:40]} d5 2. exd5 {[%emt 00:00:03]} Nf6 3. Nf3 Nxd5 {[%emt
00:00:01]} 4. d4 g6 {[%emt 00:00:02]} 5. c4 Nb6 6. Be3 {[%emt 00:00:01]} Bg7 7.
Nc3 {[%emt 00:00:02]} O-O {[%emt 00:00:02]} 8. Be2 {[%emt 00:00:06]} Nc6 {[%emt
00:00:01]} 9. O-O {[%emt 00:00:03]} Bg4 {[%emt 00:00:04]} 10. Qd3 {[%emt
00:00:32]} Bf5 {[%emt 00:00:14]} 11. Qd2 {[%emt 00:00:04]} e6 {[%emt 00:00:05]}
12. Rfd1 {[%emt 00:00:02]} Qe7 {[%emt 00:00:11]} 13. Rac1 {[%emt 00:00:02]}
Rad8 {[%emt 00:00:01]} 14. Qe1 {[%emt 00:00:13]} Bg4 {[%emt 00:00:02]} 15. b3
{[%emt 00:00:34]} Bxf3 {[%emt 00:00:09]} 16. Bxf3 {[%emt 00:00:01]} Nxd4 {[%emt
00:00:02]} 17. Bxd4 {[%emt 00:00:01]} Bxd4 {[%emt 00:00:06]} 18. Bxb7 {[%emt
00:00:03]} Qf6 {[%emt 00:00:03]} 19. Ne4 {[%emt 00:00:03]} Qe5 {[%emt
00:00:12]} 20. Ng3 {[%emt 00:00:14]} Qc5 {[%emt 00:00:04]} 21. Ne4 {[%emt
00:00:05]} Qe5 {[%emt 00:00:01]} 22. Ng3 {[%emt 00:00:02]} Qg5 {[%emt
00:00:07]} 23. Qe2 {[%emt 00:00:04]} Bg7 {[%emt 00:00:06]} 24. Rxd8 {[%emt
00:00:03]} Rxd8 25. Rd1 {[%emt 00:00:02]} Qe7 {[%emt 00:00:06]} 26. Bf3 {[%emt
00:00:04]} Rxd1+ {[%emt 00:00:06]} 27. Qxd1 {[%emt 00:00:01]} Qd6 28. Qxd6
{[%emt 00:00:07]} cxd6 29. Kf1 {[%emt 00:00:01]} Kf8 30. Ke2 Ke7 31. Kd3 f5
{[%emt 00:00:05]} 32. Ne2 {[%emt 00:00:08]} e5 {[%emt 00:00:01]} 33. Bd5 {[%emt
00:00:02]} e4+ {[%emt 00:00:03]} 34. Kd2 {[%emt 00:00:05]} Nxd5 {[%emt
00:00:11]} 35. cxd5 {[%emt 00:00:01]} Be5 {[%emt 00:00:02]} 36. h3 {[%emt
00:00:14]} g5 {[%emt 00:00:03]} 37. Nc3 {[%emt 00:00:03]} Bd4 {[%emt 00:00:05]}
38. Nd1 {[%emt 00:00:22]} Kf6 {[%emt 00:00:02]} 39. f3 {[%emt 00:00:04]} Ke5
{[%emt 00:00:02]} 40. fxe4 {[%emt 00:00:06]} Kxe4 {[%emt 00:00:02]} 41. g4
{[%emt 00:00:13]} f4 {[%emt 00:00:04]} 42. a4 {[%emt 00:00:03]} Kxd5 {[%emt
00:00:02]} 43. Kd3 Bb6 {[%emt 00:00:11]} 44. Nc3+ {[%emt 00:00:03]} Ke5 {[%emt
00:00:17]} 45. Ne4 {[%emt 00:00:02]} h6 {[%emt 00:00:01]} 46. b4 {[%emt
00:00:05]} f3 {[%emt 00:00:07]} 47. Ng3 {[%emt 00:00:07]} f2 {[%emt 00:00:11]}
48. a5 {[%emt 00:00:03]} Kf4 {[%emt 00:00:07]} 49. Nf1 {[%emt 00:00:05]} Bd8
{[%emt 00:00:07]} 50. Ke2 Bf6 {[%emt 00:00:04]} 51. Kxf2 {[%emt 00:00:05]} Bc3
{[%emt 00:00:02]} 52. Ng3 {[%emt 00:00:06]} Bxb4 {[%emt 00:00:03]} 53. Nf5
{[%emt 00:00:05]} h5 {[%emt 00:00:06]} 54. a6 {[%emt 00:00:04]} hxg4 {[%emt
00:00:02]} 0-1

[Event "Turniej Blitza na II Lidze Juniorów 2018"]
[Site "Szczyrk, Poland"]
[Date "????.??.??"]
[Round "9.33"]
[White "Krzyzosiak, Marta"]
[Black "Sidorczuk, Pawel"]
[Result "1-0"]
[TimeControl "3'+2\""]
[WhiteElo "1461"]
[BlackElo "1120"]

1. e4 {[%clk 00:03:02]} e5 {[%clk 00:03:04]} 2. Nf3 {[%clk 00:03:03]} {[%emt
00:00:01]} Nc6 {[%clk 00:03:05]} {[%emt 00:00:01]} 3. Bc4 {[%clk 00:03:03]}
{[%emt 00:00:02]} Be7 {[%clk 00:03:05]} {[%emt 00:00:02]} 4. O-O {[%clk
00:03:01]} {[%emt 00:00:04]} Nf6 {[%clk 00:03:06]} {[%emt 00:00:01]} 5. d3
{[%clk 00:03:01]} {[%emt 00:00:02]} d6 {[%clk 00:03:07]} {[%emt 00:00:01]} 6.
Be3 {[%clk 00:02:56]} {[%emt 00:00:07]} O-O {[%clk 00:03:06]} {[%emt 00:00:02]}
7. c3 {[%clk 00:02:56]} {[%emt 00:00:02]} Bg4 {[%clk 00:03:07]} {[%emt
00:00:01]} 8. Nbd2 {[%clk 00:02:56]} {[%emt 00:00:02]} d5 {[%clk 00:02:48]}
{[%emt 00:00:21]} 9. exd5 {[%clk 00:02:50]} {[%emt 00:00:08]} Nxd5 {[%clk
00:02:50]} {[%emt 00:00:01]} 10. Qc2 {[%clk 00:02:38]} {[%emt 00:00:15]} Qd7
{[%clk 00:02:20]} {[%emt 00:00:31]} 11. h3 {[%clk 00:02:24]} {[%emt 00:00:15]}
Bxh3 {[%clk 00:02:09]} {[%emt 00:00:13]} 12. gxh3 {[%clk 00:02:22]} {[%emt
00:00:05]} Qxh3 {[%clk 00:02:10]} 13. Nh2 {[%clk 00:02:21]} {[%emt 00:00:03]}
Nxe3 {[%clk 00:02:04]} {[%emt 00:00:09]} 14. fxe3 {[%clk 00:02:17]} {[%emt
00:00:05]} Qxe3+ {[%clk 00:02:04]} {[%emt 00:00:02]} 15. Kh1 {[%clk 00:02:16]}
{[%emt 00:00:02]} Bd6 {[%clk 00:01:54]} {[%emt 00:00:14]} 16. Ndf3 {[%clk
00:02:11]} {[%emt 00:00:06]} Rae8 {[%clk 00:01:26]} {[%emt 00:00:30]} 17. Qf2
{[%clk 00:02:06]} {[%emt 00:00:06]} Qh6 {[%clk 00:01:19]} {[%emt 00:00:09]} 18.
Qh4 {[%clk 00:01:52]} {[%emt 00:00:15]} Qxh4 {[%clk 00:01:03]} {[%emt
00:00:20]} 19. Nxh4 {[%clk 00:01:52]} {[%emt 00:00:02]} e4 {[%clk 00:01:03]}
{[%emt 00:00:02]} 20. Nf5 {[%clk 00:01:42]} {[%emt 00:00:12]} Bxh2 {[%clk
00:00:33]} {[%emt 00:00:31]} 21. Kxh2 {[%clk 00:01:40]} {[%emt 00:00:04]} Ne5
{[%clk 00:00:34]} {[%emt 00:00:02]} 22. Rg1 {[%clk 00:01:18]} {[%emt 00:00:23]}
Nf3+ {[%clk 00:00:33]} {[%emt 00:00:04]} 23. Kh1 {[%clk 00:01:17]} {[%emt
00:00:03]} Nxg1 {[%clk 00:00:33]} {[%emt 00:00:02]} 24. Rxg1 {[%clk 00:01:17]}
g6 {[%clk 00:00:29]} {[%emt 00:00:07]} 25. Nh6+ {[%clk 00:01:17]} {[%emt
00:00:02]} Kg7 {[%clk 00:00:29]} {[%emt 00:00:02]} 26. Nf5+ {[%clk 00:01:18]}
{[%emt 00:00:02]} Kh8 {[%clk 00:00:28]} {[%emt 00:00:02]} 27. Nh6 {[%clk
00:01:17]} {[%emt 00:00:02]} f5 {[%clk 00:00:20]} {[%emt 00:00:11]} 28. Nf7+
{[%clk 00:01:09]} {[%emt 00:00:09]} Kg7 {[%clk 00:00:14]} {[%emt 00:00:08]} 29.
Ng5 {[%clk 00:01:05]} {[%emt 00:00:06]} Rf6 {[%emt 00:00:17]} 30. dxe4 {[%emt
00:00:06]} fxe4 {[%emt 00:00:02]} 31. Re1 {[%emt 00:00:02]} h6 {[%emt
00:00:04]} 32. Nxe4 {[%emt 00:00:13]} Rf4 {[%emt 00:00:02]} 33. Bd3 1-0

[Event "Turniej Blitza na II Lidze Juniorów 2018"]
[Site "Szczyrk, Poland"]
[Date "????.??.??"]
[Round "9.32"]
[White "Kebel, Bartosz"]
[Black "Majdanski, Maksymilian"]
[Result "1/2-1/2"]
[TimeControl "3'+2\""]
[WhiteElo "1283"]
[BlackElo "1461"]

1. d4 {[%emt 00:01:29]} Nf6 {[%clk 00:03:04]} 2. c4 {[%clk 00:03:05]} c5 {[%clk
00:03:05]} 3. d5 {[%clk 00:03:03]} {[%emt 00:00:05]} b5 {[%clk 00:03:05]}
{[%emt 00:00:01]} 4. cxb5 {[%emt 00:00:02]} a6 5. b6 {[%clk 00:03:04]} {[%emt
00:00:02]} d6 {[%clk 00:03:06]} {[%emt 00:00:03]} 6. Nc3 {[%clk 00:03:02]}
{[%emt 00:00:04]} Nbd7 {[%clk 00:03:07]} 7. e4 {[%clk 00:03:01]} {[%emt
00:00:03]} Nxb6 {[%clk 00:03:07]} {[%emt 00:00:02]} 8. Nf3 {[%clk 00:03:01]}
{[%emt 00:00:02]} g6 {[%clk 00:03:07]} {[%emt 00:00:01]} 9. Bf4 {[%clk
00:03:00]} {[%emt 00:00:02]} Bg7 {[%clk 00:03:07]} {[%emt 00:00:02]} 10. e5
{[%clk 00:03:01]} {[%emt 00:00:02]} dxe5 {[%clk 00:02:51]} {[%emt 00:00:19]} 11.
Bxe5 {[%clk 00:03:02]} {[%emt 00:00:01]} O-O {[%clk 00:02:38]} {[%emt
00:00:14]} 12. d6 {[%clk 00:02:52]} {[%emt 00:00:12]} exd6 {[%clk 00:02:26]}
{[%emt 00:00:14]} 13. Qxd6 {[%clk 00:02:52]} {[%emt 00:00:01]} Qxd6 {[%clk
00:02:24]} {[%emt 00:00:05]} 14. Bxd6 {[%clk 00:02:54]} {[%emt 00:00:01]} Re8+
{[%clk 00:02:19]} {[%emt 00:00:07]} 15. Be2 {[%clk 00:02:54]} Nbd5 {[%clk
00:01:14]} {[%emt 00:01:08]} 16. Rc1 {[%clk 00:01:57]} {[%emt 00:00:59]} Nxc3
{[%clk 00:01:01]} {[%emt 00:00:15]} 17. Rxc3 {[%clk 00:01:58]} Ne4 {[%clk
00:01:02]} {[%emt 00:00:01]} 18. Rd3 {[%clk 00:01:58]} {[%emt 00:00:02]} Bxb2
{[%clk 00:00:54]} {[%emt 00:00:11]} 19. Bf4 {[%clk 00:01:31]} {[%emt 00:00:27]}
Bf5 {[%clk 00:00:21]} {[%emt 00:00:37]} 20. O-O {[%clk 00:01:11]} {[%emt
00:00:20]} c4 {[%clk 00:00:19]} {[%emt 00:00:05]} 21. Re3 {[%clk 00:01:03]}
{[%emt 00:00:10]} c3 {[%clk 00:00:19]} {[%emt 00:00:02]} 22. Bd1 {[%clk
00:00:58]} {[%emt 00:00:06]} Nd2 {[%clk 00:00:07]} {[%emt 00:00:15]} 23. Nxd2
{[%clk 00:00:53]} {[%emt 00:00:08]} cxd2 {[%clk 00:00:08]} {[%emt 00:00:01]} 24.
Rxe8+ {[%clk 00:00:46]} {[%emt 00:00:08]} Rxe8 {[%clk 00:00:09]} 25. Bxd2
{[%clk 00:00:45]} {[%emt 00:00:03]} Rd8 {[%clk 00:00:11]} 26. Bg5 {[%clk
00:00:42]} {[%emt 00:00:05]} Rd5 {[%clk 00:00:09]} {[%emt 00:00:04]} 27. Bb3
{[%clk 00:00:43]} {[%emt 00:00:02]} Rb5 {[%clk 00:00:08]} {[%emt 00:00:02]} 28.
Rd1 {[%clk 00:00:38]} {[%emt 00:00:08]} Rb8 {[%clk 00:00:05]} {[%emt 00:00:05]}
29. Bh6 {[%clk 00:00:38]} {[%emt 00:00:02]} Bf6 {[%clk 00:00:05]} {[%emt
00:00:02]} 30. Re1 {[%clk 00:00:33]} {[%emt 00:00:05]} a5 {[%clk 00:00:06]}
{[%emt 00:00:02]} 31. h3 {[%clk 00:00:33]} {[%emt 00:00:02]} Bd7 {[%clk
00:00:05]} {[%emt 00:00:03]} 32. Rd1 {[%clk 00:00:32]} {[%emt 00:00:03]} Be6
{[%clk 00:00:06]} {[%emt 00:00:02]} 33. Bxe6 {[%clk 00:00:30]} {[%emt
00:00:03]} fxe6 {[%clk 00:00:07]} 34. Re1 {[%clk 00:00:23]} {[%emt 00:00:08]}
e5 {[%clk 00:00:07]} {[%emt 00:00:03]} 35. Be3 {[%clk 00:00:22]} {[%emt
00:00:02]} Rb2 {[%emt 00:00:02]} 36. a3 {[%clk 00:00:20]} {[%emt 00:00:03]} Ra2
{[%clk 00:00:09]} {[%emt 00:00:02]} 37. Bc5 {[%clk 00:00:21]} {[%emt 00:00:01]}
Kf7 {[%clk 00:00:09]} {[%emt 00:00:02]} 38. Rd1 {[%clk 00:00:20]} {[%emt
00:00:03]} Ke6 {[%clk 00:00:10]} {[%emt 00:00:02]} 39. Rd6+ {[%emt 00:00:02]}
Kf7 {[%clk 00:00:08]} {[%emt 00:00:03]} 40. Rd7+ Ke6 {[%emt 00:00:01]} 41. Rxh7
{[%clk 00:00:20]} {[%emt 00:00:03]} e4 {[%clk 00:00:09]} {[%emt 00:00:04]} 42.
Ra7 {[%clk 00:00:18]} {[%emt 00:00:02]} Bc3 {[%clk 00:00:10]} {[%emt 00:00:02]}
43. Ra6+ {[%clk 00:00:18]} {[%emt 00:00:03]} Kd5 {[%clk 00:00:11]} 44. Be7
{[%clk 00:00:12]} {[%emt 00:00:05]} Bd4 {[%clk 00:00:12]} {[%emt 00:00:03]} 45.
Rxa5+ {[%clk 00:00:14]} {[%emt 00:00:01]} Kc4 {[%clk 00:00:12]} {[%emt
00:00:02]} 46. Bh4 {[%clk 00:00:14]} Kb3 {[%clk 00:00:12]} {[%emt 00:00:02]} 47.
Rd5 {[%clk 00:00:14]} {[%emt 00:00:02]} Ba7 {[%clk 00:00:12]} {[%emt 00:00:02]}
48. Re5 {[%clk 00:00:14]} {[%emt 00:00:02]} Rxa3 {[%clk 00:00:12]} {[%emt
00:00:03]} 49. Rxe4 {[%clk 00:00:14]} Ka2 {[%clk 00:00:12]} {[%emt 00:00:01]}
50. Kh2 {[%clk 00:00:14]} {[%emt 00:00:03]} Rd3 {[%clk 00:00:08]} {[%emt
00:00:06]} 51. g3 {[%clk 00:00:14]} {[%emt 00:00:02]} Rd2 {[%clk 00:00:10]} 52.
Rf4 {[%clk 00:00:09]} {[%emt 00:00:07]} Bxf2 {[%clk 00:00:10]} {[%emt
00:00:02]} 1/2-1/2

[Event "Turniej Blitza na II Lidze Juniorów 2018"]
[Site "Szczyrk, Poland"]
[Date "????.??.??"]
[Round "9.11"]
[White "Ulrych, Wojciech"]
[Black "Wojtasik, Szymon"]
[Result "1/2-1/2"]
[TimeControl "3'+2\""]
[WhiteElo "1901"]
[BlackElo "1323"]

1. e4 {[%clk 00:03:03]} c5 {[%clk 00:03:04]} {[%emt 00:00:01]} 2. Nf3 {[%clk
00:03:02]} {[%emt 00:00:02]} Nc6 {[%clk 00:03:06]} 3. d4 {[%clk 00:03:03]}
{[%emt 00:00:02]} cxd4 {[%clk 00:03:07]} {[%emt 00:00:01]} 4. Nxd4 {[%emt
00:00:01]} g6 5. Nc3 {[%clk 00:03:01]} {[%emt 00:00:04]} Bg7 {[%clk 00:03:10]}
6. Be3 {[%clk 00:03:01]} {[%emt 00:00:02]} Nf6 {[%clk 00:03:11]} {[%emt
00:00:01]} 7. f3 {[%clk 00:03:00]} {[%emt 00:00:03]} O-O {[%clk 00:03:09]}
{[%emt 00:00:03]} 8. Bc4 {[%clk 00:03:00]} {[%emt 00:00:02]} Qb6 {[%clk
00:03:09]} {[%emt 00:00:03]} 9. Nxc6 {[%clk 00:02:44]} {[%emt 00:00:17]} Qxe3+
{[%clk 00:03:09]} {[%emt 00:00:02]} 10. Qe2 {[%clk 00:02:30]} {[%emt 00:00:16]}
Qxe2+ {[%clk 00:03:10]} {[%emt 00:00:01]} 11. Bxe2 {[%clk 00:02:29]} {[%emt
00:00:03]} dxc6 {[%clk 00:03:04]} {[%emt 00:00:09]} 12. O-O-O {[%clk 00:02:27]}
{[%emt 00:00:04]} Be6 {[%clk 00:03:04]} {[%emt 00:00:01]} 13. g4 {[%clk
00:02:24]} {[%emt 00:00:05]} Rfd8 {[%clk 00:03:00]} {[%emt 00:00:06]} 14. h4
{[%clk 00:02:16]} {[%emt 00:00:11]} h5 {[%clk 00:02:52]} {[%emt 00:00:10]} 15.
e5 {[%clk 00:02:02]} {[%emt 00:00:16]} Nd5 {[%clk 00:02:44]} {[%emt 00:00:10]}
16. Ne4 {[%clk 00:01:59]} {[%emt 00:00:05]} Nf4 {[%clk 00:02:31]} {[%emt
00:00:14]} 17. Rde1 {[%clk 00:01:37]} {[%emt 00:00:24]} Nxe2+ {[%clk 00:02:24]}
{[%emt 00:00:09]} 18. Rxe2 {[%clk 00:01:38]} {[%emt 00:00:02]} hxg4 {[%clk
00:02:24]} {[%emt 00:00:02]} 19. f4 {[%clk 00:01:34]} {[%emt 00:00:05]} Bf5
{[%clk 00:01:53]} {[%emt 00:00:34]} 20. Ng5 {[%clk 00:01:26]} {[%emt 00:00:09]}
f6 {[%clk 00:01:40]} {[%emt 00:00:15]} 21. Ne4 {[%clk 00:01:09]} {[%emt
00:00:19]} fxe5 {[%clk 00:01:19]} {[%emt 00:00:24]} 22. fxe5 {[%clk 00:01:09]}
{[%emt 00:00:01]} Bxe5 {[%clk 00:00:57]} {[%emt 00:00:25]} 23. Rf1 {[%clk
00:01:03]} {[%emt 00:00:07]} Bf6 {[%clk 00:00:19]} {[%emt 00:00:40]} 24. h5
{[%clk 00:01:04]} Bxe4 {[%clk 00:00:17]} {[%emt 00:00:05]} 25. Rxe4 {[%clk
00:01:04]} {[%emt 00:00:01]} gxh5 {[%clk 00:00:17]} {[%emt 00:00:02]} 26. Rf5
{[%clk 00:01:03]} {[%emt 00:00:03]} h4 {[%clk 00:00:13]} {[%emt 00:00:06]} 27.
Rxg4+ {[%clk 00:01:03]} {[%emt 00:00:02]} Kf7 {[%clk 00:00:15]} 28. Rxh4 {[%emt
00:00:06]} Ke6 {[%clk 00:00:13]} {[%emt 00:00:03]} 29. Rhh5 {[%emt 00:00:14]}
Rd5 30. Rxd5 {[%clk 00:00:45]} cxd5 {[%clk 00:00:16]} 31. c3 {[%clk 00:00:46]}
Rd8 {[%clk 00:00:17]} {[%emt 00:00:01]} 32. Kc2 {[%clk 00:00:44]} {[%emt
00:00:04]} a6 {[%clk 00:00:13]} {[%emt 00:00:06]} 33. a3 {[%clk 00:00:44]}
{[%emt 00:00:02]} b5 {[%clk 00:00:13]} {[%emt 00:00:02]} 34. Rh6 {[%clk
00:00:43]} {[%emt 00:00:04]} d4 {[%clk 00:00:13]} {[%emt 00:00:01]} 35. cxd4
{[%clk 00:00:42]} {[%emt 00:00:03]} Rxd4 {[%clk 00:00:15]} 36. Rh5 {[%clk
00:00:40]} {[%emt 00:00:03]} Rd5 {[%clk 00:00:16]} 37. Rh3 {[%clk 00:00:40]}
{[%emt 00:00:02]} Rc5+ {[%clk 00:00:18]} 38. Kb3 {[%clk 00:00:40]} {[%emt
00:00:01]} Kd6 {[%clk 00:00:18]} {[%emt 00:00:02]} 39. Rh6 {[%clk 00:00:37]}
{[%emt 00:00:06]} Kc6 {[%clk 00:00:18]} 40. Rg6 {[%clk 00:00:34]} {[%emt
00:00:05]} Rf5 {[%clk 00:00:18]} {[%emt 00:00:02]} 41. Rg2 {[%clk 00:00:28]}
{[%emt 00:00:09]} Rc5 {[%clk 00:00:18]} {[%emt 00:00:01]} 42. Rd2 {[%clk
00:00:27]} {[%emt 00:00:02]} e5 {[%clk 00:00:16]} {[%emt 00:00:05]} 43. Rf2
{[%clk 00:00:28]} {[%emt 00:00:01]} Be7 {[%clk 00:00:14]} {[%emt 00:00:04]} 44.
Re2 {[%clk 00:00:27]} {[%emt 00:00:04]} Bd6 {[%clk 00:00:10]} {[%emt 00:00:04]}
45. Rg2 {[%clk 00:00:25]} {[%emt 00:00:04]} Rc4 {[%clk 00:00:07]} {[%emt
00:00:05]} 46. Rg8 {[%clk 00:00:22]} {[%emt 00:00:06]} e4 {[%clk 00:00:07]}
{[%emt 00:00:02]} 47. Re8 {[%clk 00:00:22]} {[%emt 00:00:02]} Bc5 {[%clk
00:00:06]} {[%emt 00:00:03]} 48. Ka2 {[%clk 00:00:19]} {[%emt 00:00:04]} a5
{[%clk 00:00:07]} {[%emt 00:00:01]} 49. Rd8 {[%clk 00:00:18]} {[%emt 00:00:03]}
e3 {[%clk 00:00:08]} {[%emt 00:00:01]} 50. Re8 {[%clk 00:00:19]} Rd4 {[%clk
00:00:09]} {[%emt 00:00:02]} 51. Kb3 {[%clk 00:00:14]} {[%emt 00:00:06]} Rd3+
{[%clk 00:00:10]} {[%emt 00:00:01]} 52. Kc2 {[%clk 00:00:15]} Rd2+ {[%clk
00:00:11]} {[%emt 00:00:01]} 53. Kc3 {[%clk 00:00:15]} {[%emt 00:00:03]} Rf2
{[%clk 00:00:11]} {[%emt 00:00:02]} 54. Rc8+ {[%clk 00:00:13]} {[%emt
00:00:03]} Kb6 {[%clk 00:00:11]} {[%emt 00:00:02]} 55. Rb8+ {[%clk 00:00:14]}
{[%emt 00:00:01]} Ka6 {[%clk 00:00:11]} {[%emt 00:00:02]} 56. b4 {[%clk
00:00:13]} {[%emt 00:00:03]} axb4+ {[%clk 00:00:10]} {[%emt 00:00:03]} 57. axb4
{[%clk 00:00:14]} Ba7 {[%clk 00:00:07]} {[%emt 00:00:04]} 58. Re8 {[%clk
00:00:15]} {[%emt 00:00:03]} e2 {[%clk 00:00:06]} {[%emt 00:00:03]} 59. Kd3
{[%clk 00:00:11]} {[%emt 00:00:05]} Bb6 {[%clk 00:00:06]} {[%emt 00:00:02]} 60.
Re6 {[%clk 00:00:11]} {[%emt 00:00:02]} Rh2 {[%clk 00:00:06]} {[%emt 00:00:02]}
61. Kd2 {[%clk 00:00:11]} {[%emt 00:00:02]} Rg2 {[%clk 00:00:06]} {[%emt
00:00:02]} 62. Kd3 {[%clk 00:00:12]} Rh2 {[%emt 00:00:02]} 63. Kd2 Rg2 {[%clk
00:00:07]} {[%emt 00:00:01]} 64. Kd3 {[%clk 00:00:15]} Rh2 {[%clk 00:00:09]}
{[%emt 00:00:01]} 65. Kd2 {[%clk 00:00:17]} Rg2 {[%clk 00:00:09]} 66. Kd3
{[%clk 00:00:18]} Rf2 {[%clk 00:00:11]} {[%emt 00:00:01]} 67. Kd2 {[%clk
00:00:19]} Rh2 {[%clk 00:00:12]} 68. Kd3 {[%clk 00:00:21]} Rg2 {[%emt
00:00:01]} 69. Kd2 Rh2 {[%emt 00:00:01]} 70. Kd3 Rg2 {[%clk 00:00:14]} {[%emt
00:00:01]} 71. Kd2 {[%clk 00:00:25]} Rh2 {[%clk 00:00:16]} 72. Kd3 {[%clk
00:00:27]} Rh3+ {[%clk 00:00:17]} {[%emt 00:00:03]} 73. Kxe2 {[%clk 00:00:27]}
{[%emt 00:00:01]} Rh4 {[%clk 00:00:14]} {[%emt 00:00:05]} 74. Kd3 {[%clk
00:00:22]} {[%emt 00:00:08]} Rxb4 {[%clk 00:00:15]} {[%emt 00:00:01]} 75. Kc3
{[%clk 00:00:23]} Rc4+ {[%clk 00:00:16]} {[%emt 00:00:02]} 76. Kb3 {[%clk
00:00:25]} Rh4 {[%clk 00:00:09]} {[%emt 00:00:09]} 77. Rg6 {[%clk 00:00:25]}
{[%emt 00:00:01]} Ka5 {[%clk 00:00:05]} {[%emt 00:00:06]} 78. Rg5 {[%clk
00:00:26]} {[%emt 00:00:02]} Rf4 {[%clk 00:00:05]} {[%emt 00:00:01]} 79. Rh5
{[%clk 00:00:27]} {[%emt 00:00:02]} Rb4+ {[%clk 00:00:06]} 80. Ka3 {[%clk
00:00:26]} {[%emt 00:00:03]} Rg4 {[%clk 00:00:07]} 81. Kb3 {[%clk 00:00:27]}
{[%emt 00:00:01]} Rb4+ {[%clk 00:00:08]} 82. Ka3 {[%clk 00:00:27]} {[%emt
00:00:02]} Rg4 {[%clk 00:00:10]} {[%emt 00:00:01]} 83. Kb3 {[%clk 00:00:29]}
Rb4+ {[%clk 00:00:11]} 84. Ka3 {[%clk 00:00:30]} {[%emt 00:00:01]} Rg4 {[%clk
00:00:12]} 85. Kb3 {[%clk 00:00:31]} Rb4+ {[%clk 00:00:13]} {[%emt 00:00:02]}
86. Ka3 {[%clk 00:00:33]} {[%emt 00:00:01]} Rg4 {[%clk 00:00:14]} 87. Kb3
{[%clk 00:00:34]} Rb4+ {[%clk 00:00:15]} {[%emt 00:00:02]} 88. Ka3 {[%clk
00:00:35]} {[%emt 00:00:01]} Rg4 {[%clk 00:00:17]} 89. Rf5 {[%clk 00:00:35]}
{[%emt 00:00:03]} Rg3+ {[%clk 00:00:18]} 90. Kb2 {[%clk 00:00:36]} {[%emt
00:00:02]} Ka4 {[%clk 00:00:11]} {[%emt 00:00:08]} 91. Rf4+ {[%clk 00:00:29]}
{[%emt 00:00:09]} b4 {[%clk 00:00:09]} {[%emt 00:00:05]} 92. Rf8 {[%clk
00:00:29]} {[%emt 00:00:02]} Rg2+ {[%clk 00:00:09]} {[%emt 00:00:02]} 93. Kb1
{[%clk 00:00:29]} {[%emt 00:00:01]} Kb3 {[%clk 00:00:09]} {[%emt 00:00:01]} 94.
Rf3+ {[%clk 00:00:30]} {[%emt 00:00:02]} Kc4 {[%clk 00:00:10]} {[%emt
00:00:02]} 95. Rf4+ {[%clk 00:00:30]} Bd4 {[%clk 00:00:11]} 96. Kc1 {[%clk
00:00:25]} {[%emt 00:00:08]} Rf2 {[%clk 00:00:12]} {[%emt 00:00:02]} 97. Re4
{[%clk 00:00:25]} {[%emt 00:00:02]} Kd3 {[%clk 00:00:12]} {[%emt 00:00:01]} 98.
Re8 {[%clk 00:00:25]} {[%emt 00:00:03]} b3 {[%clk 00:00:12]} {[%emt 00:00:01]}
99. Re1 {[%clk 00:00:23]} {[%emt 00:00:04]} b2+ {[%clk 00:00:05]} {[%emt
00:00:09]} 100. Kb1 {[%clk 00:00:24]} Rc2 {[%clk 00:00:04]} {[%emt 00:00:03]}
101. Rd1+ {[%clk 00:00:24]} {[%emt 00:00:02]} Rd2 {[%clk 00:00:04]} {[%emt
00:00:03]} 102. Rh1 {[%clk 00:00:18]} {[%emt 00:00:07]} Kc3 {[%clk 00:00:05]}
{[%emt 00:00:01]} 103. Rh3+ {[%clk 00:00:16]} {[%emt 00:00:05]} Rd3 {[%clk
00:00:05]} {[%emt 00:00:01]} 104. Rh1 {[%clk 00:00:14]} {[%emt 00:00:04]} Be3
{[%clk 00:00:06]} {[%emt 00:00:01]} 105. Re1 {[%clk 00:00:11]} {[%emt
00:00:05]} Kb3 {[%clk 00:00:06]} {[%emt 00:00:03]} 106. Rxe3 {[%clk 00:00:08]}
{[%emt 00:00:05]} Rxe3 {[%clk 00:00:06]} {[%emt 00:00:01]} 1/2-1/2